Evolution of agrarian relations in India / (Record no. 7724)
[ view plain ]
| 000 -LEADER | |
|---|---|
| fixed length control field | 00411cam a2200157ua 4500 |
| 041 ## - LANGUAGE CODE | |
| Language code of text/sound track or separate title | eng |
| 082 ## - DEWEY DECIMAL CLASSIFICATION NUMBER | |
| Classification number | 630.954 |
| Item number | BHO/EV |
| 100 ## - MAIN ENTRY--AUTHOR NAME | |
| Personal name | Bhowani, Sen . |
| 245 ## - TITLE STATEMENT | |
| Title | Evolution of agrarian relations in India / |
| 260 ## - PUBLICATION, DISTRIBUTION, ETC. (IMPRINT) | |
| Place of publication | New Delhi : |
| Name of publisher | Peoples publishing house , |
| Year of publication | 1962. |
| 300 ## - PHYSICAL DESCRIPTION | |
| Number of Pages | 295 ; . |
| 942 ## - ADDED ENTRY ELEMENTS (KOHA) | |
| Koha item type | Books |
| Withdrawn status | Lost status | Damaged status | Home library | Current library | Date acquired | Full call number | Accession Number | Koha item type |
|---|---|---|---|---|---|---|---|---|
| Withdrawn | KAUAET | KAUAET | 07/04/2012 | 630.954 | 10341 | Books | ||
| Withdrawn | KAUAET | Sanskrit University | 07/04/2012 | 630.954 | 4729 | Books |
